[Event "2. Bundesliga Ost 2019/2020"]
[Site "alle Wien"]
[Date "2019.12.07"]
[Round "5"]
[Board "3"]
[White "Bachofner, Andreas"]
[Black "Hechl, Gerald"]
[Result "0-1"]
[WhiteElo "2213"]
[BlackElo "2359"]
[PlyCount "80"]
[EventDate "2019.10.19"]
[EventType "team"]
[EventRounds "11"]
[EventCountry "AUT"]
[WhiteTeam "Amateure"]
[BlackTeam "Data Technology Pressbaum/E."]

1. e4 e6 2. d3 c5 3. f4 d5 4. Nc3 b5 5. exd5 b4 6. dxe6 bxc3 7. exf7+ Kxf7 8.
bxc3 Qe7+ 9. Be2 Bg4 10. Rb1 Nc6 11. Kf2 Bxe2 12. Nxe2 Nf6 13. h3 Qd7 14. Re1
Re8 15. c4 Bd6 16. Bd2 Rhf8 17. Kg1 Kg8 18. Kh2 h5 19. g3 h4 20. Rf1 Rxe2+ 21.
Qxe2 hxg3+ 22. Kg1 Qxh3 23. Qg2 Qh4 24. Qh1 Qxh1+ 25. Kxh1 Nh5 26. Kg2 Nd4 27.
Rbe1 Nxc2 28. Re6 Bxf4 29. Rh1 Nd4 30. Re4 Bxd2 31. Rxh5 Nf5 32. Re5 g6 33. Rh1
Be3 34. Re1 Bf2 35. R1e4 Kf7 36. a4 Rh8 37. Rg4 Rh2+ 38. Kf1 Ne3+ 39. Rxe3 Bxe3
40. Rxg3 Bd4  0-1

[Event "2. Bundesliga Ost 2019/2020"]
[Site "alle Wien"]
[Date "2019.12.07"]
[Round "5"]
[Board "4"]
[White "Neumeier, Klaus"]
[Black "Frindt, Kornel"]
[Result "1-0"]
[WhiteElo "2273"]
[BlackElo "2196"]
[PlyCount "73"]
[EventDate "2019.10.19"]
[EventType "team"]
[EventRounds "11"]
[EventCountry "AUT"]
[WhiteTeam "Data Technology Pressbaum/E."]
[BlackTeam "Amateure"]

1. Nf3 e6 2. g3 f5 3. Bg2 Nf6 4. O-O d5 5. d3 Bd6 6. c4 c6 7. Nc3 O-O 8. e4
dxe4 9. dxe4 Qc7 10. Qe2 e5 11. exf5 Bxf5 12. c5 Be7 13. Nxe5 h6 14. Bf4 Qc8
15. b4 Re8 16. Rfe1 Nbd7 17. Qc4+ Kh7 18. Nxd7 Bxd7 19. Qf7 Bf8 20. Ne4 Nd5 21.
Nd6 Bxd6 22. Bxd6 Be6 23. Be4+ Kh8 24. Qg6 Nf6 25. Be5 Bf7 26. Qxf7 Rxe5 27.
Bg6 Qb8 28. Rad1 a5 29. a3 axb4 30. axb4 b5 31. cxb6 Rxe1+ 32. Rxe1 Qxb6 33.
Re7 Rg8 34. Qxf6 Qxb4 35. Bf5 Qe1+ 36. Kg2 Qd2 37. Qg6  1-0

[Event "2. Bundesliga Ost 2019/2020"]
[Site "alle Wien"]
[Date "2019.12.07"]
[Round "5"]
[Board "5"]
[White "Kuntner, Reinhard"]
[Black "Lucaci, Marius"]
[Result "1/2-1/2"]
[WhiteElo "2049"]
[BlackElo "2149"]
[PlyCount "94"]
[EventDate "2019.10.19"]
[EventType "team"]
[EventRounds "11"]
[EventCountry "AUT"]
[WhiteTeam "Amateure"]
[BlackTeam "Data Technology Pressbaum/E."]

1. Nf3 d5 2. c4 Nf6 3. cxd5 Nxd5 4. g3 c5 5. Bg2 Nc6 6. O-O e5 7. d3 Be7 8. Nc3
Be6 9. a3 O-O 10. Bd2 Rc8 11. Nxd5 Bxd5 12. Bc3 b5 13. e4 Be6 14. Nxe5 b4 15.
Nxc6 Rxc6 16. Be5 f6 17. Bf4 bxa3 18. bxa3 Rb6 19. Rb1 Ra6 20. a4 Qd7 21. e5
Qxa4 22. Qxa4 Rxa4 23. Rb7 Bd8 24. exf6 Bxf6 25. Re1 Bf7 26. Bd6 Rd8 27. Bxc5
Rxd3 28. Bxa7 g6 29. h4 Ra1 30. Rxa1 Bxa1 31. Be3 Be5 32. Be4 Bd5 33. Bxd3 Bxb7
34. Bc4+ Kg7 35. g4 Bf3 36. g5 Bc3 37. Kh2 Be5+ 38. Kh3 Be4 39. Be6 Bf3 40. Bc5
Bd1 41. Kg2 Be2 42. Be3 Bd3 43. f4 Bc3 44. Kf3 Bc2 45. Bf2 Bb2 46. Ke2 Bc3 47.
h5 h6  1/2-1/2

[Event "2. Bundesliga Ost 2019/2020"]
[Site "alle Wien"]
[Date "2019.12.07"]
[Round "5"]
[Board "6"]
[White "Schmidrathner, Christian"]
[Black "Jirovec, Alfred"]
[Result "0-1"]
[WhiteElo "2092"]
[BlackElo "2006"]
[PlyCount "68"]
[EventDate "2019.10.19"]
[EventType "team"]
[EventRounds "11"]
[EventCountry "AUT"]
[WhiteTeam "Data Technology Pressbaum/E."]
[BlackTeam "Amateure"]

1. e4 e6 2. d4 d5 3. Nd2 Nf6 4. e5 Nfd7 5. Bd3 c5 6. c3 cxd4 7. cxd4 Nc6 8. Ne2
Be7 9. O-O Qb6 10. Nf3 f6 11. exf6 Nxf6 12. Nc3 Bd7 13. Bf4 a6 14. Qd2 Rc8 15.
Rac1 O-O 16. Bb1 Qd8 17. a3 Na5 18. Qd3 Nc4 19. Bg5 g6 20. Bh6 Nxb2 21. Qe2 Nc4
22. Bxf8 Bxf8 23. Bd3 Bxa3 24. Rc2 Bf8 25. Nb1 b5 26. Ne5 Be8 27. Ra2 Qb6 28.
Ng4 Bg7 29. Re1 Bf7 30. Ne5 Nxe5 31. dxe5 Nd7 32. Rc2 Rf8 33. Rec1 Nxe5 34. Rc8
Be8  0-1

[Event "2. Bundesliga Ost 2019/2020"]
[Site "alle Wien"]
[Date "2020.01.18"]
[Round "6"]
[Board "1"]
[White "Schroll, Gerhard"]
[Black "Lizak, Peter"]
[Result "1/2-1/2"]
[WhiteElo "2317"]
[BlackElo "2460"]
[PlyCount "52"]
[EventDate "2019.10.19"]
[EventType "team"]
[EventRounds "11"]
[EventCountry "AUT"]
[WhiteTeam "ASVOE Mattersburg"]
[BlackTeam "Data Technology Pressbaum/E."]

1. d4 e6 2. c4 b6 3. Nc3 Bb7 4. Nf3 Nf6 5. Bg5 Bb4 6. Rc1 h6 7. Bxf6 Qxf6 8. a3
Bxc3+ 9. Rxc3 O-O 10. e3 c5 11. Be2 cxd4 12. Qxd4 Qxd4 13. exd4 d6 14. O-O Rc8
15. Rfc1 Nd7 16. Nd2 Rc7 17. f4 Rac8 18. Kf2 Kf8 19. Bf3 Bxf3 20. Kxf3 d5 21.
cxd5 Rxc3+ 22. Rxc3 Rxc3+ 23. bxc3 exd5 24. Ke3 Ke7 25. Nf3 f6 26. Nh4 Ke6
 1/2-1/2

[Event "2. Bundesliga Ost 2019/2020"]
[Site "alle Wien"]
[Date "2020.01.18"]
[Round "6"]
[Board "2"]
[White "Videki, Sandor"]
[Black "Wukits, Rene"]
[Result "0-1"]
[WhiteElo "2405"]
[BlackElo "2279"]
[PlyCount "74"]
[EventDate "2019.10.19"]
[EventType "team"]
[EventRounds "11"]
[EventCountry "AUT"]
[WhiteTeam "Data Technology Pressbaum/E."]
[BlackTeam "ASVOE Mattersburg"]

1. e4 c5 2. Nf3 d6 3. d4 cxd4 4. Nxd4 Nf6 5. Nc3 g6 6. Be3 Bg7 7. f3 O-O 8. Qd2
Nc6 9. g4 Be6 10. Nxe6 fxe6 11. O-O-O Ne5 12. Be2 Rc8 13. Nb5 Qd7 14. Nxa7 Ra8
15. Qb4 b5 16. Nxb5 Rxa2 17. Kb1 Raa8 18. c4 Qb7 19. Qb3 Rfc8 20. Bd4 Nfd7 21.
Rc1 Nc5 22. Qe3 Qa6 23. Qa3 Qb7 24. Qe3 Qa6 25. Qa3 Qb6 26. Qe3 Qa5 27. Qa3 Qd2
28. Qe3 Qxe3 29. Bxe3 Nb3 30. Rcd1 Nxc4 31. Bxc4 Rxc4 32. Na3 Rb4 33. Nc2 Rb7
34. Rhe1 Rab8 35. Ka2 Nd2 36. b4 Rxb4 37. Rxd2 Rb2+  0-1

[Event "2. Bundesliga Ost 2019/2020"]
[Site "alle Wien"]
[Date "2020.01.18"]
[Round "6"]
[Board "3"]
[White "Brod, Manfred"]
[Black "Hechl, Gerald"]
[Result "1/2-1/2"]
[WhiteElo "2217"]
[BlackElo "2359"]
[PlyCount "24"]
[EventDate "2019.10.19"]
[EventType "team"]
[EventRounds "11"]
[EventCountry "AUT"]
[WhiteTeam "ASVOE Mattersburg"]
[BlackTeam "Data Technology Pressbaum/E."]

1. e4 e5 2. Nf3 Nc6 3. d4 exd4 4. Nxd4 Nf6 5. Nxc6 bxc6 6. Bd3 d5 7. Qe2 dxe4
8. Nc3 Bb4 9. Bxe4 Bxc3+ 10. bxc3 Nxe4 11. Qxe4+ Qe7 12. Qxe7+ Kxe7  1/2-1/2

[Event "2. Bundesliga Ost 2019/2020"]
[Site "alle Wien"]
[Date "2020.01.18"]
[Round "6"]
[Board "4"]
[White "Neumeier, Klaus"]
[Black "Strodl, Joachim"]
[Result "1-0"]
[WhiteElo "2273"]
[BlackElo "2165"]
[PlyCount "97"]
[EventDate "2019.10.19"]
[EventType "team"]
[EventRounds "11"]
[EventCountry "AUT"]
[WhiteTeam "Data Technology Pressbaum/E."]
[BlackTeam "ASVOE Mattersburg"]

1. c4 Nf6 2. Nf3 g6 3. g3 Bg7 4. Bg2 O-O 5. O-O d6 6. d4 c6 7. Nc3 Bf5 8. Ne1
Be6 9. d5 cxd5 10. cxd5 Bd7 11. Qb3 b6 12. Nd3 Na6 13. Qa3 Bc8 14. Bd2 Bb7 15.
Rac1 Nd7 16. Rfd1 Ndc5 17. Ne1 Nc7 18. b4 Nd7 19. Qb3 b5 20. a4 bxa4 21. Nxa4
Ba6 22. Bc3 Bh6 23. e3 Rb8 24. Bb2 Ne8 25. Rd2 Nb6 26. Bd4 Bb5 27. Nxb6 axb6
28. Ra2 Bg7 29. Nf3 Nf6 30. Ra7 Rc8 31. Rxc8 Qxc8 32. Qb2 Re8 33. h3 Bd3 34.
Nd2 b5 35. Nb3 Nh5 36. Bxg7 Nxg7 37. Na5 e5 38. dxe6 Qxe6 39. Qd4 Be4 40. Bxe4
Qxe4 41. Qxe4 Rxe4 42. Rb7 Ne6 43. Rxb5 Kg7 44. Nb7 Nc7 45. Nxd6 Re6 46. Rb7
Nd5 47. Nxf7 Kf6 48. Nh6 Kg5 49. Rb5  1-0

[Event "2. Bundesliga Ost 2019/2020"]
[Site "alle Wien"]
[Date "2020.01.18"]
[Round "6"]
[Board "5"]
[White "Salamon, Werner"]
[Black "Weissenbeck, Manuel"]
[Result "1/2-1/2"]
[WhiteElo "2149"]
[BlackElo "2271"]
[PlyCount "112"]
[EventDate "2019.10.19"]
[EventType "team"]
[EventRounds "11"]
[EventCountry "AUT"]
[WhiteTeam "ASVOE Mattersburg"]
[BlackTeam "Data Technology Pressbaum/E."]

1. e4 c5 2. c3 e6 3. d4 d5 4. exd5 exd5 5. Nf3 Nc6 6. Be2 Bd6 7. O-O Nge7 8.
dxc5 Bxc5 9. Nbd2 O-O 10. Nb3 Bb6 11. Nbd4 Nf5 12. Re1 Ncxd4 13. Nxd4 Nxd4 14.
cxd4 Re8 15. Be3 Bf5 16. Qb3 Qd6 17. Rac1 Rad8 18. Bf3 h6 19. g3 Be4 20. Bf4
Qf6 21. Bxe4 dxe4 22. Be3 Qf5 23. Rc4 Rd5 24. Qc2 Red8 25. Rd1 Qg4 26. b4 Rh5
27. d5 Bxe3 28. fxe3 Rhxd5 29. Rxd5 Rxd5 30. Rxe4 Qd1+ 31. Qxd1 Rxd1+ 32. Kg2
Rd2+ 33. Kh3 Rxa2 34. Re8+ Kh7 35. Re7 b5 36. Rxf7 a6 37. Ra7 Ra4 38. g4 Rxb4
39. Rxa6 Re4 40. Ra3 b4 41. Rd3 Kg6 42. Kg3 Kf6 43. Kf3 Re6 44. Rb3 Rb6 45. Kf4
Ke6 46. Ke4 Rb5 47. h4 h5 48. g5 Re5+ 49. Kf4 Rf5+ 50. Ke4 Rb5 51. Kd4 Kf5 52.
Kc4 Re5 53. Rxb4 Rxe3 54. Rb7 Re4+ 55. Kd3 Rxh4 56. Rxg7 Rg4  1/2-1/2

[Event "2. Bundesliga Ost 2019/2020"]
[Site "alle Wien"]
[Date "2020.01.18"]
[Round "6"]
[Board "6"]
[White "Schmidrathner, Christian"]
[Black "Wiedner, Robert"]
[Result "1-0"]
[WhiteElo "2092"]
[BlackElo "2113"]
[PlyCount "75"]
[EventDate "2019.10.19"]
[EventType "team"]
[EventRounds "11"]
[EventCountry "AUT"]
[WhiteTeam "Data Technology Pressbaum/E."]
[BlackTeam "ASVOE Mattersburg"]

1. e4 c5 2. Nf3 a6 3. d4 cxd4 4. Nxd4 Nf6 5. Nc3 d6 6. f3 b5 7. a4 b4 8. Na2 e5
9. Nb3 d5 10. exd5 Nxd5 11. c4 bxc3 12. bxc3 Nc6 13. Bd3 Be6 14. O-O Be7 15.
Rb1 O-O 16. Qe2 Nxc3 17. Nxc3 Bxb3 18. Rxb3 Nd4 19. Qe4 f5 20. Qd5+ Qxd5 21.
Nxd5 Bc5 22. Rb7 Rfd8 23. Bc4 Kh8 24. Kh1 Rd6 25. Nc7 Rc8 26. Nxa6 Bb6 27. Ba3
Rdc6 28. Bd5 Rh6 29. Rc1 Rd8 30. Rb8 g5 31. Rcc8 Kg7 32. Rxd8 Bxd8 33. Rb7+ Kg6
34. Bf8 Rh4 35. Rd7 Ne6 36. Bxe6 Rxa4 37. Bf7+ Kf6 38. Bb3  1-0

[Event "2. Bundesliga Ost 2019/2020"]
[Site "alle Wien"]
[Date "2020.01.18"]
[Round "6"]
[Board "1"]
[White "Baumegger, Siegfried"]
[Black "Vlcek, Stanislav"]
[Result "1-0"]
[WhiteElo "2432"]
[BlackElo "2297"]
[PlyCount "87"]
[EventDate "2019.10.19"]
[EventType "team"]
[EventRounds "11"]
[EventCountry "AUT"]
[WhiteTeam "tschaturanga"]
[BlackTeam "Amateure"]

1. e4 c5 2. Nf3 d6 3. Bb5+ Bd7 4. Bxd7+ Qxd7 5. c4 Nf6 6. Nc3 g6 7. d4 cxd4 8.
Nxd4 Bg7 9. h3 Qc7 10. b3 Qa5 11. Bd2 Nxe4 12. Nxe4 Qe5 13. Qb1 f5 14. Bc3
Qxe4+ 15. Qxe4 fxe4 16. Nb5 Bxc3+ 17. Nxc3 e3 18. f3 Nc6 19. Ke2 Nd4+ 20. Kd3
Nf5 21. Nd5 Kd7 22. Rhe1 Rhf8 23. Nxe3 Nxe3 24. Rxe3 e5 25. Rd1 Rac8 26. Kc3
Ke6 27. Rd5 Rc6 28. a4 b6 29. a5 Rc5 30. Red3 Rd8 31. b4 Rc6 32. Kb3 bxa5 33.
Rxa5 a6 34. Re3 Rb8 35. f4 Rcb6 36. Ra4 Kf5 37. fxe5 dxe5 38. c5 Re6 39. Ra1 e4
40. Kc3 Rd8 41. Rf1+ Ke5 42. g4 Rd5 43. Rxe4+ Kxe4 44. Re1+  1-0

[Event "2. Bundesliga Ost 2019/2020"]
[Site "alle Wien"]
[Date "2020.01.18"]
[Round "6"]
[Board "2"]
[White "Bachofner, Andreas"]
[Black "Sadilek, Maximilian"]
[Result "1-0"]
[WhiteElo "2213"]
[BlackElo "2313"]
[PlyCount "87"]
[EventDate "2019.10.19"]
[EventType "team"]
[EventRounds "11"]
[EventCountry "AUT"]
[WhiteTeam "Amateure"]
[BlackTeam "tschaturanga"]

1. Nf3 Nc6 2. e4 d6 3. d4 Nf6 4. Bd3 e5 5. d5 Ne7 6. c4 g6 7. Nc3 Bg7 8. h3 O-O
9. g4 c6 10. Be3 a6 11. Qd2 cxd5 12. cxd5 b5 13. a3 Bd7 14. Rc1 Re8 15. Ng1 Rb8
16. Nge2 a5 17. b4 Nc8 18. Ng3 Rf8 19. Bh6 Ne8 20. Rg1 axb4 21. axb4 Qh4 22.
Bg5 Qxh3 23. Rh1 Qg2 24. Bf1 Qf3 25. Be2 Qg2 26. Nd1 f5 27. Ne3 Qxh1+ 28. Nxh1
f4 29. f3 h6 30. Bd8 fxe3 31. Qxe3 Kf7 32. Ng3 Ra8 33. Ba5 Bf6 34. Qxh6 Rh8 35.
Qe3 Bh4 36. Kf2 Kf6 37. f4 exf4 38. Qd4+ Kf7 39. Qxh8 fxg3+ 40. Kg2 Bf6 41. Rf1
g5 42. Bd8 Ne7 43. Bxe7 Kxe7 44. Rxf6  1-0

[Event "2. Bundesliga Ost 2019/2020"]
[Site "alle Wien"]
[Date "2020.01.18"]
[Round "6"]
[Board "3"]
[White "Sadilek, Peter"]
[Black "Frindt, Kornel"]
[Result "1-0"]
[WhiteElo "2280"]
[BlackElo "2196"]
[PlyCount "51"]
[EventDate "2019.10.19"]
[EventType "team"]
[EventRounds "11"]
[EventCountry "AUT"]
[WhiteTeam "tschaturanga"]
[BlackTeam "Amateure"]

1. e4 c5 2. Nf3 Nc6 3. Nc3 e5 4. Bc4 d6 5. d3 Be7 6. Nd2 Nf6 7. Nf1 a6 8. Nd5
b5 9. Nxf6+ Bxf6 10. Bd5 Bd7 11. Ne3 Rc8 12. a4 Ne7 13. axb5 Nxd5 14. Nxd5 axb5
15. Bd2 b4 16. Ra6 Bc6 17. Qg4 O-O 18. Rxc6 Rxc6 19. h4 Kh8 20. Bg5 Bxg5 21.
hxg5 Ra6 22. Ke2 Ra2 23. Qf5 g6 24. Rxh7+ Kxh7 25. Qh3+ Kg7 26. Qh6+  1-0

[Event "2. Bundesliga Ost 2019/2020"]
[Site "alle Wien"]
[Date "2020.01.18"]
[Round "6"]
[Board "4"]
[White "Kuntner, Reinhard"]
[Black "Matt, Fabian"]
[Result "0-1"]
[WhiteElo "2049"]
[BlackElo "2303"]
[PlyCount "64"]
[EventDate "2019.10.19"]
[EventType "team"]
[EventRounds "11"]
[EventCountry "AUT"]
[WhiteTeam "Amateure"]
[BlackTeam "tschaturanga"]

1. c4 Nf6 2. g3 c6 3. Bg2 d5 4. Nf3 Bf5 5. cxd5 cxd5 6. Nc3 Nc6 7. Qa4 Qd7 8.
d4 e6 9. O-O Bd6 10. Nb5 Bb8 11. Nc3 Ne4 12. Ng5 Nxg5 13. Bxg5 O-O 14. Rfd1 h6
15. e4 Bg4 16. f3 Bh5 17. Be3 a6 18. Rd2 Ba7 19. exd5 exd5 20. f4 Rad8 21. h3
Rfe8 22. Bf2 Bg6 23. Rad1 Qc8 24. Qa3 h5 25. b4 Qf5 26. Qb3 h4 27. g4 Qxf4 28.
Nxd5 Qb8 29. Bxh4 Rd7 30. Bg3 Qd8 31. Nf4 Nxd4 32. Rxd4 Rxd4  0-1

[Event "2. Bundesliga Ost 2019/2020"]
[Site "alle Wien"]
[Date "2020.01.18"]
[Round "6"]
[Board "5"]
[White "Olivetti, Davide"]
[Black "Zsifkovits, Peter"]
[Result "1-0"]
[WhiteElo "2192"]
[BlackElo "2027"]
[PlyCount "77"]
[EventDate "2019.10.19"]
[EventType "team"]
[EventRounds "11"]
[EventCountry "AUT"]
[WhiteTeam "tschaturanga"]
[BlackTeam "Amateure"]

1. e4 e5 2. Nc3 Nf6 3. f4 d5 4. fxe5 Nxe4 5. Nxe4 dxe4 6. d4 exd3 7. Bxd3 Nc6
8. Nf3 Bg4 9. O-O Bc5+ 10. Kh1 Qd7 11. Qe1 O-O-O 12. b4 Nxb4 13. Be4 Qa4 14.
Rb1 c6 15. Qc3 Na6 16. Ng5 h6 17. Qg3 Be6 18. Nxe6 fxe6 19. Qxg7 Nc7 20. Bf3
Qxc2 21. Bxh6 Qh7 22. Qxh7 Rxh7 23. Bg5 Rdh8 24. h3 Rg8 25. Be4 Rh5 26. Bf4 Bd4
27. Rbc1 Nd5 28. Bh2 Nc3 29. Bf3 Rh6 30. a4 c5 31. a5 Kc7 32. Bg4 Kd7 33. Rf7+
Kc6 34. Bf3+ Nd5 35. Rb1 Rb8 36. a6 b5 37. Rxa7 b4 38. Rf7 Bxe5 39. Bxe5  1-0

[Event "2. Bundesliga Ost 2019/2020"]
[Site "alle Wien"]
[Date "2020.01.18"]
[Round "6"]
[Board "6"]
[White "Jirovec, Alfred"]
[Black "Kaphle, Sebastian"]
[Result "0-1"]
[WhiteElo "2006"]
[BlackElo "2191"]
[PlyCount "58"]
[EventDate "2019.10.19"]
[EventType "team"]
[EventRounds "11"]
[EventCountry "AUT"]
[WhiteTeam "Amateure"]
[BlackTeam "tschaturanga"]

1. Nf3 Nf6 2. c4 e6 3. d4 d5 4. e3 Be7 5. Nc3 O-O 6. a3 b6 7. cxd5 exd5 8. Bd3
Re8 9. O-O Bd6 10. h3 a6 11. Re1 Bb7 12. Nd2 Nbd7 13. b4 Nf8 14. e4 dxe4 15.
Ndxe4 Nxe4 16. Bxe4 Bxe4 17. Rxe4 a5 18. Rxe8 Qxe8 19. b5 Qe6 20. Be3 Re8 21.
a4 Ng6 22. Qf3 Nh4 23. Qc6 Nf5 24. d5 Qe7 25. Bd2 Nd4 26. Qc4 Qe5 27. f4 Ne2+
28. Nxe2 Qxa1+ 29. Kh2 Qf1  0-1

[Event "2. Bundesliga Ost 2019/2020"]
[Site "alle Wien"]
[Date "2020.01.18"]
[Round "6"]
[Board "1"]
[White "Stanec, Nikolaus"]
[Black "Loeffler, Stefan"]
[Result "1-0"]
[WhiteElo "2511"]
[BlackElo "2373"]
[PlyCount "67"]
[EventDate "2019.10.19"]
[EventType "team"]
[EventRounds "11"]
[EventCountry "AUT"]
[WhiteTeam "SC Donaustadt"]
[BlackTeam "ASVOE VHS Poechlarn"]

1. Nf3 Nf6 2. g3 c5 3. Bg2 Nc6 4. c4 g6 5. d4 cxd4 6. Nxd4 Bg7 7. Nc3 h5 8. h3
O-O 9. Nc2 d6 10. O-O Be6 11. Ne3 a6 12. Bd2 Qd7 13. Kh2 b5 14. cxb5 axb5 15.
Nxb5 Rxa2 16. Rxa2 Bxa2 17. Bc3 Rc8 18. Qd2 Nd8 19. Ra1 Be6 20. Nd4 h4 21. g4
Bh6 22. Qd3 Bxe3 23. Qxe3 Bxg4 24. Qg5 Rc5 25. Qf4 g5 26. Qd2 Bh5 27. b4 Re5
28. Ra8 Kh7 29. Nf3 Bxf3 30. Bxf3 Nc6 31. b5 Rxb5 32. Bxf6 Qf5 33. Rh8+ Kg6 34.
Qxg5+  1-0

[Event "2. Bundesliga Ost 2019/2020"]
[Site "alle Wien"]
[Date "2020.01.18"]
[Round "6"]
[Board "2"]
[White "Ganaus, Hannes"]
[Black "Pingitzer, Harald"]
[Result "1-0"]
[WhiteElo "2196"]
[BlackElo "2334"]
[PlyCount "81"]
[EventDate "2019.10.19"]
[EventType "team"]
[EventRounds "11"]
[EventCountry "AUT"]
[WhiteTeam "ASVOE VHS Poechlarn"]
[BlackTeam "SC Donaustadt"]

1. d4 d5 2. c4 c5 3. cxd5 Qxd5 4. Nf3 cxd4 5. Qxd4 Qxd4 6. Nxd4 a6 7. Nc3 e5 8.
Nd5 exd4 9. Nc7+ Kd8 10. Nxa8 Nd7 11. g3 Bb4+ 12. Bd2 Bxd2+ 13. Kxd2 Ngf6 14.
Bg2 Re8 15. Rac1 Ne4+ 16. Bxe4 Rxe4 17. Rc7 Re6 18. Rhc1 Rc6 19. R1xc6 bxc6 20.
b4 Nb6 21. Ra7 Nc4+ 22. Kd3 Nd6 23. Nb6 Bf5+ 24. Kd2 Be6 25. a4 Ne4+ 26. Kd3
Nxf2+ 27. Kxd4 Ng4 28. Kc5 Ne3 29. Kxc6 h5 30. a5 g5 31. Rxa6 Bh3 32. Kd6 Bg2
33. Ra7 Nf5+ 34. Ke5 Nh6 35. a6 h4 36. gxh4 gxh4 37. e4 Ng4+ 38. Kd4 f5 39.
Rd7+ Ke8 40. a7 Bxe4 41. Rd5  1-0

[Event "2. Bundesliga Ost 2019/2020"]
[Site "alle Wien"]
[Date "2020.01.18"]
[Round "6"]
[Board "3"]
[White "Kummer, Helmut"]
[Black "Weinzettl, Ernst"]
[Result "0-1"]
[WhiteElo "2286"]
[BlackElo "2175"]
[PlyCount "96"]
[EventDate "2019.10.19"]
[EventType "team"]
[EventRounds "11"]
[EventCountry "AUT"]
[WhiteTeam "SC Donaustadt"]
[BlackTeam "ASVOE VHS Poechlarn"]

1. d4 e6 2. c4 d5 3. Nc3 c5 4. cxd5 exd5 5. Nf3 Nc6 6. g3 Nf6 7. Bg2 Be7 8. O-O
O-O 9. b3 Ne4 10. Bb2 Bf6 11. e3 Bg4 12. h3 Bxf3 13. Bxf3 cxd4 14. Nxe4 dxe4
15. Bxe4 dxe3 16. Qxd8 exf2+ 17. Rxf2 Bxd8 18. Kg2 Bb6 19. Re2 Rad8 20. Rc1
Rfe8 21. Kf1 Re6 22. Bxc6 Rxc6 23. Rce1 f6 24. h4 h5 25. Ba3 Rc3 26. Re8+ Rxe8
27. Rxe8+ Kh7 28. Bd6 Rc1+ 29. Re1 Rxe1+ 30. Kxe1 Kg6 31. Ke2 Kf5 32. Kf3 g5
33. hxg5 fxg5 34. Bb4 g4+ 35. Ke2 Ke4 36. Be1 Bc7 37. Bf2 a6 38. a4 Bd6 39. Be1
Kd4 40. b4 Kc4 41. b5 axb5 42. axb5 Kxb5 43. Kd3 Ka4 44. Ke4 b5 45. Kf5 Bxg3
46. Bxg3 b4 47. Ke4 b3 48. Kd3 Ka3  0-1

[Event "2. Bundesliga Ost 2019/2020"]
[Site "alle Wien"]
[Date "2020.01.18"]
[Round "6"]
[Board "4"]
[White "Ernst, Michael"]
[Black "Exler, Veronika"]
[Result "1/2-1/2"]
[WhiteElo "2169"]
[BlackElo "2222"]
[PlyCount "55"]
[EventDate "2019.10.19"]
[EventType "team"]
[EventRounds "11"]
[EventCountry "AUT"]
[WhiteTeam "ASVOE VHS Poechlarn"]
[BlackTeam "SC Donaustadt"]

1. d4 d5 2. Bf4 Nf6 3. e3 c5 4. c3 Nc6 5. Nd2 cxd4 6. cxd4 Qb6 7. Qb3 Qxb3 8.
Nxb3 Nb4 9. Bb5+ Bd7 10. Bxd7+ Nxd7 11. Ke2 Rc8 12. Rc1 Rxc1 13. Nxc1 f6 14.
Nf3 g5 15. Bg3 Bg7 16. Nd3 Nc6 17. b4 a6 18. a4 Kf7 19. Nc5 Nxc5 20. bxc5 Rd8
21. Rb1 Rd7 22. h3 h6 23. Bh2 e5 24. g4 Re7 25. Rd1 Rd7 26. Rb1 Re7 27. Rd1 Rd7
28. Rb1  1/2-1/2

[Event "2. Bundesliga Ost 2019/2020"]
[Site "alle Wien"]
[Date "2020.01.18"]
[Round "6"]
[Board "5"]
[White "Schwab, Lukas"]
[Black "Lammer, Stefan"]
[Result "1/2-1/2"]
[WhiteElo "2166"]
[BlackElo "2111"]
[PlyCount "51"]
[EventDate "2019.10.19"]
[EventType "team"]
[EventRounds "11"]
[EventCountry "AUT"]
[WhiteTeam "SC Donaustadt"]
[BlackTeam "ASVOE VHS Poechlarn"]

1. e4 e5 2. Nf3 Nc6 3. Bb5 a6 4. Ba4 Nf6 5. O-O Be7 6. Re1 b5 7. Bb3 O-O 8. c3
d5 9. d4 exd4 10. e5 Ne4 11. cxd4 Bg4 12. Nc3 Bxf3 13. gxf3 Nxc3 14. bxc3 Qd7
15. f4 f5 16. Qf3 Rad8 17. Kh1 Kh8 18. Rg1 Qe6 19. Rg3 Na5 20. Bc2 c5 21. Be3
c4 22. Rh3 Rf7 23. Rg1 g6 24. Rh6 Rg8 25. Qh3 Bf8 26. Rh4  1/2-1/2

[Event "2. Bundesliga Ost 2019/2020"]
[Site "alle Wien"]
[Date "2020.01.18"]
[Round "6"]
[Board "6"]
[White "Mittermayr, Gerhard"]
[Black "Froewis, Annika"]
[Result "1/2-1/2"]
[WhiteElo "2071"]
[BlackElo "2074"]
[PlyCount "100"]
[EventDate "2019.10.19"]
[EventType "team"]
[EventRounds "11"]
[EventCountry "AUT"]
[WhiteTeam "ASVOE VHS Poechlarn"]
[BlackTeam "SC Donaustadt"]

1. e4 e5 2. Nf3 Nc6 3. Bb5 a6 4. Ba4 Nf6 5. O-O b5 6. Bb3 Bc5 7. Re1 d6 8. h3
Na5 9. d4 Nxb3 10. axb3 exd4 11. Bg5 O-O 12. Nxd4 h6 13. Bh4 g5 14. Bg3 Re8 15.
Nc6 Qd7 16. Qf3 Re6 17. e5 d5 18. Nc3 Qxc6 19. exf6 Rxe1+ 20. Rxe1 Bb7 21. h4
Bd4 22. hxg5 Bxc3 23. Qg4 Kf8 24. bxc3 Qxc3 25. f3 Re8 26. Rxe8+ Kxe8 27. gxh6
Qe3+ 28. Bf2 Qc1+ 29. Kh2 Qxh6+ 30. Bh4 Qg6 31. Qf4 Kd7 32. Bg3 Qh7+ 33. Kg1
Qxc2 34. Qe5 Qc5+ 35. Kh2 a5 36. Qf5+ Kc6 37. Qe5 Kb6 38. Bf4 d4 39. Qe8 Bd5
40. Qb8+ Bb7 41. Qe8 Qf5 42. Be5 Qh7+ 43. Kg3 Qg6+ 44. Kh2 d3 45. Bd4+ c5 46.
Qd8+ Kc6 47. Qe8+ Kb6 48. Qd8+ Kc6 49. Qe8+ Kb6 50. Qd8+ Kc6  1/2-1/2

[Event "2. Bundesliga Ost 2019/2020"]
[Site "alle Wien"]
[Date "2020.01.18"]
[Round "6"]
[Board "1"]
[White "Nagy, Bence"]
[Black "Mikes, Jan"]
[Result "1/2-1/2"]
[WhiteElo "2359"]
[BlackElo "2355"]
[PlyCount "81"]
[EventDate "2019.10.19"]
[EventType "team"]
[EventRounds "11"]
[EventCountry "AUT"]
[WhiteTeam "SK Austria Wien"]
[BlackTeam "SG Mistelbach/Altlichtenwarth"]

1. e4 c5 2. Nf3 Nc6 3. d4 cxd4 4. Nxd4 Nf6 5. Nc3 e5 6. Ndb5 d6 7. Bg5 a6 8.
Na3 b5 9. Nd5 Be7 10. Bxf6 Bxf6 11. c3 O-O 12. Nc2 Bg5 13. h4 Bh6 14. g3 Ne7
15. Ncb4 Nxd5 16. Nxd5 Be6 17. Bg2 Rc8 18. Qd3 Rc5 19. Ne3 Qb8 20. O-O Bxe3 21.
Qxe3 b4 22. cxb4 Qxb4 23. b3 Rfc8 24. Rfd1 Rc2 25. Rd3 h6 26. a3 Qc5 27. Qe1
Qb6 28. Rb1 R8c6 29. b4 Bg4 30. Bf3 Bxf3 31. Rxf3 R6c4 32. Re3 g6 33. Qf1 Kg7
34. Qd3 Rc1+ 35. Rxc1 Rxc1+ 36. Kg2 Qc6 37. a4 Rc4 38. b5 axb5 39. axb5 Qxb5
40. Qxd6 Rc1 41. Qd3  1/2-1/2